Normal view
MARC view
- Santisteban, Karlos,
Entry Nombre Personal
001 - NUMERO DE CONTROL
- campo de control: 36585
003 - IDENTIFICADOR DE NUMERO DE CONTROL
- campo de control: UPN
005 - FECHA Y HORA DE LA ÜLTIMA TRANSACCIÓN
- campo de control: 20210219194516.0
008 - DATOS DE LONGITUD FIJA
- campo de control de longitud fija: nabaccnnaabn|||||||||| b |nc|||||d
035 ## - NUMERO DE CONTROL
- Número de control: UPN11000008692
040 ## - FUENTE DE CATALOGACIÓN
- Lenguaje de catalogación: SPA
- Agencia de transcripción: UPN
100 1# - ENCABEZAMIENTO - NOMBRE PERSONAL
- Nombre personal: Santisteban, Karlos,
- Fechas asociadas con el nombre: 1960-
670 ## - FUENTE EN LA QUE SE LOCALIZARON DATOS
- Cita de la fuente: LC
680 ## - NOTA PUBLICA DE ACCESO PÚBLICO
- Frase explicativa de la referencia: Nació en Carranza (Vizcaya, España), es un escritor español en idioma vasco. Ha escrito numerosas obras literarias en casi todos los géneros, sobre todo de literatura infantil y juvenil. Es también traductor de gran cantidad de obras al vasco.
902 ## - CATALOGADOR
- Catalogador: MITM/250215
